Cities of Malaysia - Satellite - Statistics

General Stats
  • This quiz has been taken 20 times
  • The average score is 8 of 14
Answer Stats
Picture Answer % Correct
George Town
93%
Johor Bahru
80%
Kuala Terengganu
80%
Ipoh
73%
Kuala Lumpur
73%
Malacca
67%
Kota Kinabalu
60%
Kuching
60%
Kuantan
53%
Miri
40%
Sandakan
33%
Sibu
33%
Tawau
33%
Bintulu
27%
No matching quizzes found
Score Distribution
Percent of People with Each Score
Percentile by Number Answered
Your Score History
You have not taken this quiz